Responses for Show #606 - Monday, April 6, 1987

Contestants

[<< previous game]

Carol Childs, a lawyer from Studio City, California

David Roussel, an accountant from Sunland, California

Joel Lewin, a telemarketing representative from Van Nuys, California (whose 1-day cash winnings total $7,799)

[next game >>]

Jeopardy! Round responses

U.S. STATES
GOLDEN OLDIES
QUOTES
ANATOMY
ORGANIZATIONS
HEROES & VILLAINS
    $100 2
(Alex: The "Lone Star State" is right.)

1

David
    $100 7
a man

Carol
    $100 11
counterfeiting

David
    $100 16
mother's milk

David
    $100 1
the Elks

David
    $100 12
Paul Hogan

David
    $200 3
(Alex: Yes, it's in Chicago.)

Illinois

David
    $200 22
"I Want To Hold Your Hand"

Joel
    $200 15
bunk

David
    $200 17
the umbilical cord

David
    $200 8
the United Nations

David
    $200 13
George Burns

Joel
    $300 4
Virginia

Joel
    $300 23
(Carol: What are the Green Berets?)
(Alex: Be a little more specific, please.)
(Carol: Who are the men of the Green Berets?)
(Alex: I'm sorry, that is wrong.)
[After the first break, Carol was re-awarded the money she was penalized because the display of the clue disappeared from the board before she had a chance to reconsider her response.]

"The Ballad Of The Green Berets"

David
    $300 28
the cloverleaf

Joel
    $300 18
clot

David
    $300 9
the Knights of Columbus

Triple Stumper
    $300 14
Long John Silver

Carol
    $400 5
(Joel: What is New Jersey?)
...
(Alex: That is right, 14 million.)

New York

JoelDavid
    $400 24
(Alex: Gene Autry's horse was called Champion; the group was called [*].)

The Champs

Triple Stumper
    $400 29
that he was dead

Joel
    $400 19
(Joel: What is the uvula?)

the epiglottis

JoelDavid
    $400 10
Hadassah

Carol
    $400 26
Switzerland

David
    $500 6
(Carol: What is Colorado?)

Tennessee

Carol
Triple Stumper
    $500 25
Gene Chandler

David
    $500 30
(Carol: Who is Sally Stanford?)
...
(Alex: Sally Stanford was on the West Coast, I believe, Carol.)

Polly Adler

Carol
Triple Stumper
    $500 20
the jaws (or the teeth)

Joel
    $500 21
(Joel: What is the Bronx?)

Brooklyn

Joel
Triple Stumper
    $600 27
Goldfinger & Dr. No (& Octopussy)

David

Scores at the first commercial break (after clue 14):

Joel David Carol
$100 $1,200 $300

Scores at the end of the Jeopardy! Round:

Joel David Carol
$600 $4,200 -$200

Double Jeopardy! Round responses

19th CENTURY EUROPE
COMMERCIALS
TRAINS
SHAKESPEAREAN TRIVIA
THE EARTH
DID YOU NOTICE?
    $200 4
Queen Victoria

Joel
    $200 3
Shell

David
    $200 18
hobos

Joel
    $200 26
Lady Macbeth

Triple Stumper
    $200 9
the wind

Joel
    $200 1
the torch

Carol
    $400 14
Prussia

Joel
    $400 5
Chock full o'Nuts

David
    $400 19
(Carol: What is Times Square?)

Pennsylvania Station

JoelCarol
    $400 28
Cleopatra

Carol
    $400 10
a glacier

Joel
    $400 2
red

Joel
    $600 15
the United States Civil War

Joel
    $600 6
He's Lying

Joel
    $600 23
The General (or The Great Locomotive Chase)

Triple Stumper
    $1,000 29
(Carol: Who is Puck?)
...
(Carol: I thought it was the one on top!)
[The end-of-round signal sounds.]

Sir John Falstaff

Carol
    $600 11
coal

David
    $600 20
3

David
    $800 16
a red shirt

Triple Stumper
    $800 7
Alpo dog food

Joel
    $800 24
(Joel: What is a Pullman?)
(Carol: What is the sleeper?)

a carriage

JoelCarol
Triple Stumper
    $800 12
(Joel: What is a river?)
(David: What is a waterfall?)

a spring

JoelDavid
Triple Stumper
    $800 21
[Joel laughs at his name being a correct response on Jeopardy!]

Lewin (or Childs)

David
    $1000 17
(Joel: What is Trent?)

Vienna

JoelDavid
    $2,000 8
(Joel: [Draws a blank for a moment, then, visibly, something strikes him] What is... [puts hand to forehead in contemplation, whispers "lemonade"] um, Minute Maid lemonade?)
(Alex: Oh, gosh, Joel, you were so close.)
(Joel: [*].)
(Alex: What is [*]? Remember the Crosby Family? They were pushing orange juice in those days.)

Minute Maid orange juice

Joel
    $1000 25
Southern Pacific

Carol
    $1000 27
(Joel: What is Otell--Othello?)
(Alex: Co--correct. Uh... yes.)
(Joel: Or [*] if you want to pick... the other...)
(Alex: Right.)

Otello

Joel
    $1000 13
silicon & aluminum

David
    $1000 22
golden film

Triple Stumper

Scores at the end of the Double Jeopardy! Round:

Joel David Carol
$1,200 $8,000 -$800
(lock game)

[wagering suggestions for these scores]

Final Jeopardy! Round responses

ANIMALS
JoelWhat are pandas?
$1,200
DavidWhat is a Giant Panda?
$1,500
giant pandas

Final scores:

Joel David Carol
$2,400 $9,500 -$800
2nd place: an Admiral refrigerator "à la mode" with party ice + Donvier ice cream makers New champion: $9,500 3rd place: an Oneida Silversmiths gift certificate

Game dynamics:

Coryat scores:

Joel David Carol
$3,200 $7,900 $200
17 R,
7 W
(including 1 DD)
23 R
(including 1 DD),
1 W
6 R,
5 W
(including 1 DD)

Combined Coryat: $11,300

[game clues] [game scores] [suggest correction]

Game tape date: 1986-12-09
The J! Archive is created by fans, for fans. Scraping, republication, monetization, and malicious use prohibited; this site may use cookies and collect identifying information. See terms. The Jeopardy! game show and all elements thereof, including but not limited to copyright and trademark thereto, are the property of Jeopardy Productions, Inc. and are protected under law. This website is not affiliated with, sponsored by, or operated by Jeopardy Productions, Inc. Join the discussion at JBoard.tv.